000 01082nam a2200325 a 4500
999 _c5263
_d5263
005 20200529135302.0
008 140319b2005 ck ||||| |||| 00| 0 spa d
040 _aCO-BoIAVH
_cCO-BoIAVH
041 _aspa
044 _ack
082 _a333.7516
090 _aLB
_b04604
110 _bColombia. Ministerio del Medio Ambiente
_9103211
245 _aReservas forestales protectoras nacionales
_bAtlas básico
260 _aBogotá
_bMinambiente
_bEmbajada Real de los Paises Bajos
_c2005
300 _a123 p.
650 _aAreas de manejo especial
_97569
650 _aReservas forestales
_9103212
650 _aParques nacionales naturales
_9103213
650 _aAreas prioritarias de conservación
_9103214
650 _aEcosistemas
_9103215
650 _aAreas protegidas
_9103216
662 _aColombia
_cRegión andina
662 _aColombia
_cRegión caribe
662 _aColombia
_cRegión de la Orinoquia
662 _aColombia
_cRegión de la Amazonía
662 _aColombia
_cRegión Pacífica
700 _aVásquez V., Víctor Hugo
_922811
942 _cLIBRO
_2z